Nations to Host Any FIFA World Cup Competition - Statistics

General Stats
  • This quiz has been taken 150 times
  • The average score is 38 of 55
Answer Stats
Total Answer % Correct
7 Brazil
99%
5 France
99%
4 United States
98%
3 Germany
96%
4 Japan
96%
5 Mexico
96%
2 Spain
96%
2 Argentina
95%
4 Italy
95%
3 Russia
95%
3 South Korea
95%
1 England
94%
2 Portugal
93%
2 Uruguay
93%
6 Canada
91%
1 South Africa
91%
2 Sweden
91%
3 Australia
90%
2 Qatar
90%
4 Chile
89%
3 China
89%
2 Colombia
86%
2 Netherlands
85%
4 New Zealand
85%
1 Switzerland
82%
1 Turkey
81%
2 Peru
79%
1 Poland
79%
1 Saudi Arabia
78%
2 Egypt
76%
2 India
70%
1 Paraguay
68%
1 Scotland
66%
1 Ecuador
63%
1 Finland
63%
2 Nigeria
63%
1 Indonesia
60%
2 Thailand
60%
4 United Arab Emirates
60%
1 Soviet Union
55%
2 Costa Rica
52%
1 Malaysia
49%
1 Tunisia
44%
1 Taiwan
38%
1 Guatemala
36%
1 Azerbaijan
29%
1 West Germany
29%
1 Jordan
25%
1 Lithuania
24%
1 Papua New Guinea
24%
1 Bahamas
18%
2 Trinidad and Tobago
18%
1 Tahiti
15%
1 Hong Kong
11%
1 Seychelles
11%
No matching quizzes found
Score Distribution
Percent of People with Each Score
Percentile by Number Answered
Your Score History
You have not taken this quiz